000 01010nam0a22002531 4500
001 rc\4815392
005 20250612223414.0
021 _aRU
_b[57-62058]
035 _a(NLR Aleph) 008879457
090 _a8572417
_c8572417
100 _a20130426d1957 |||y0rusy50 ca
101 0 _arus
102 _aRU
105 _aa z |||a|
200 1 _a86 центнеров зерна в початках с каждого гектара
_eРассказ звеньевой колхоза им. Кирова, Буденнов. района Белгор. обл. Марфы Шепиловой
210 _a[Москва
_cИзд-во М-ва сельского хозяйства СССР
_d1957]
215 _a1 л., слож. в [6] с.
_cил.
_d21
606 _aКукуруза
_xВозделывание
_yБелгородская область
_2psbo
700 1 _aШепилова
_bМ.
_gМарфа
801 0 _aRU
_bNLR
_gpsbo
801 1 _aRU
_bELAR
_2rusmarc
852 _aNLR
_j58-6/172
942 _cBOOK
980 _aNB